000
00333nam a2200157Ia 4500
003
Ost
005
20260225132539.0
008
260225s9999||||xx |||||||||||||| ||und||
040
_c
fsic
041
_a
fre
082
_a
302.23
100
_a
Anas
_e
Auteur
245
0
_a
Travail soçial medias /
245
0
_c
Anas
942
_c
كتاب
999
_c
33423
_d
33423